000 00351nam a22001217a 4500
999 _c3621
_d3621
005 20201209104340.0
008 201209b ||||| |||| 00| 0 eng d
020 _a0521386276
040 _cCML
245 _aBelievers in One God.
_cKeene M.
260 _aNew york
_bCambridge University
_c1993
942 _2ddc
_cBK
_e1st Edition
_h200
_mKEE